Home perplex / Raimon Àvila. Berna / Lluïsa Cunillé. Patates / Francesc Pereira. La trobada / Josep Pere Peyró ; introducció de Josep M. Benet i Jornet
Descripción Física:
208 p. ; 18 cm
Colección:
Biblioteca teatral ; 83
Otros Autores:
Cunillé, Lluïsa, 1961-
,
Pereira, Francesc
,
Peyró, Josep Pere I
,
Benet i Jornet, Josep M., 1940-2020
MARC
| LEADER | 00000nam a2200000Ia 4500 | ||
|---|---|---|---|
| 001 | 10478 | ||
| 008 | 160829s1994 xx 000 0 cat d | ||
| 080 | |a L-1-268 | ||
| 100 | |a Àvila, Raimon |9 26356 | ||
| 245 | |a Home perplex / Raimon Àvila. Berna / Lluïsa Cunillé. Patates / Francesc Pereira. La trobada / Josep Pere Peyró ; introducció de Josep M. Benet i Jornet | ||
| 260 | |a Barcelona : |b Institut del Teatre, Diputació de Barcelona, |c 1994 | ||
| 300 | |a 208 p. ; |c 18 cm | ||
| 490 | |a Biblioteca teatral ; 83 | ||
| 700 | |a Cunillé, Lluïsa, |d 1961- |9 28997 | ||
| 700 | |a Pereira, Francesc |9 28998 | ||
| 700 | |a Peyró, Josep Pere I |9 28999 | ||
| 700 | 1 | |a Benet i Jornet, Josep M., |d 1940-2020 |e autor del pròleg |9 25098 | |
| 710 | 1 | |a Institut del Teatre (Barcelona, Catalunya) |9 52662 | |
| 901 | |a Arxiu | ||
| 942 | |n 1 |2 udc | ||
| 952 | |0 0 |1 0 |4 0 |6 L1268 |7 1 |9 45000 |a Arxiu |b Arxiu |d 2016-12-01 |l 0 |o L-1-268 |p 10478 |r 2016-12-01 00:00:00 |w 2016-12-01 |y ARXIU | ||
| 999 | |c 47604 |d 47604 | ||